| 000 | 02187nam a22003857a 4500 | ||
|---|---|---|---|
| 001 | 105961 | ||
| 003 | KnowledgeUnlatched | ||
| 005 | 20210303104935.0 | ||
| 006 | m o d | ||
| 007 | cr u|||||||||| | ||
| 008 | 210129p20102020xx o u00| u ger d | ||
| 037 | _5BiblioBoard | ||
| 245 | 0 | 0 |
_aVon Cádiz nach London _bSpanischer Liberalismus im Spannungsfeld von nationaler Selbstbestimmung, Internationalität und Exil (1820-1833) / _cChristiana Brennecke. |
| 020 | _a9783666101045 | ||
| 024 | 8 | _ahttps://doi.org/10.13109/9783666101045 | |
| 029 | 1 | _ahttps://library.biblioboard.com/ext/api/media/05c30129-0628-4051-8b11-2cddd59dd2ed/assets/thumbnail.jpg | |
| 040 |
_aScCtBLL _cScCtBLL |
||
| 100 | 1 |
_aBrennecke, Christiana _eauthor. |
|
| 264 | 1 | _bVandenhoeck & Ruprecht, | |
| 300 | _a1 online resource (1 p.) | ||
| 490 | 1 | _aVeröffentlichungen des Instituts für Europäische Geschichte Mainz | |
| 506 | 0 |
_aAccess copy available to the general public. _fUnrestricted _2star |
|
| 520 | _aDie Internationalen Brigaden, die im Spanischen Bürgerkrieg gegen das von Hitler und Mussolini unterstützte Franco-Spanien kämpften, gelten bis heute als Vorkämpfer für Freiheit und Demokratie in Spanien und über die spanischen Grenzen hinaus. Dass sich bereits mehr als hundert Jahre zuvor ausländische Freiwillige dazu berufen fühlten, auf spanischem Boden für ein freiheitliches Regime zu kämpfen, gehört dagegen zu den vergessenen Episoden der europäischen Geschichte. | ||
| 588 | 0 | _aDescription based on print version record. | |
| 590 | _aKU Open Services | ||
| 650 | 7 |
_aHistory / Modern / 19th Century _2bisacsh |
|
| 650 | 0 | _aHistory | |
| 655 | 0 | _aElectronic books. | |
| 758 |
_iIs found in: _aKnowledge Unlatched _1https://openresearchlibrary.org/module/2774bc74-146a-484f-a7ba-ab1d6a09bbfb |
||
| 830 | 0 | _aVeröffentlichungen des Instituts für Europäische Geschichte Mainz | |
| 856 | 4 | 0 |
_uhttps://openresearchlibrary.org/content/05c30129-0628-4051-8b11-2cddd59dd2ed _zView this content on Open Research Library. _70 |
| 999 |
_c33037 _d33037 |
||